000 00643nam a2200241 i 4500
001 C2-0269239
003 PPAK
005 20180727235950.0
008 060808s2003 cc |||| ||||| | chi d
020 _a7228077024
040 _aPPAK
_beng
_cPPAK
_erda
082 0 4 _a158.1
_223
090 0 0 _a158.1
_bHOU
_dG
100 1 _aHou, Shu Sheng,
_eauthor
245 1 4 _aThe mysteries of character
264 1 _aBeijing :
_bXin jiang ren min ,
_c2003
300 _a317 pages ;
_c20 cm
336 _2rdacontent
_atext
337 _2rdamedia
_aunmediated
338 _2rdacarrier
_avolume
650 1 0 _aPersonality and motivation.
942 _ddc
_cB
999 _c77952
_d77952